Role of mass media (television, radio) towards the enhancement of agricultural knowledge of farmers in Iran /
Saved in:
| Main Author: | |
|---|---|
| Format: | Thesis Book |
| Language: | English |
| Published: |
2010.
|
| Subjects: | |
| Tags: |
Add Tag
No Tags, Be the first to tag this record!
|
| LEADER | 01126cam a2200277 a 4500 | ||
|---|---|---|---|
| 001 | u798066 | ||
| 003 | SIRSI | ||
| 005 | 201010151652 | ||
| 008 | 101015s2010 my a t 000 0 eng m | ||
| 040 | |a UMM | ||
| 043 | |a a-ir--- | ||
| 090 | |a P90 |b UM 2010 Naz | ||
| 100 | 1 | |a Nazari, Mohammad Reza. | |
| 245 | 1 | 0 | |a Role of mass media (television, radio) towards the enhancement of agricultural knowledge of farmers in Iran / |c Mohammad Reza Nazari. |
| 260 | |c 2010. | ||
| 300 | |a xiii, 175 leaves : |b ill. ; |c 30 cm. | ||
| 502 | |a Dissertation (M.A.) -- Jabatan Pengajian Media, Fakulti Sastera dan Sains Sosial, Universiti Malaya, 2010. | ||
| 504 | |a Bibliography: leaves 148-158. | ||
| 650 | 0 | |a Farmers |z Iran |x Information services. | |
| 650 | 0 | |a Agriculture |x Information services |z Iran. | |
| 650 | 0 | |a Agriculture and state |z Iran |x Information services |x Evaluation. | |
| 650 | 0 | |a Communication in agriculture |z Iran. | |
| 710 | 2 | |a Universiti Malaya. |b Jabatan Pengajian Media. | |
| 900 | |a SJMK-ZA | ||
| 596 | |a 1 | ||
| 999 | |a P90 UM 2010 NAZ |w LC |c 1 |i A514475835 |d 7/2/2015 |e 7/2/2015 |f 10/1/2011 |g 1 |l STACKS |m P01UTAMA |n 2 |r Y |s Y |t TESIS |u 7/1/2011 | ||
